Sports Quiz

Random Sports or Football Quiz
Score 0/18 Timer 05:00
1 Play Today
Heading Answer % Correct
TexasLonghorns
97.3%
AlabamaCrimson Tide
93.5%
TexasColt McCoy
89.8%
AlabamaSoutheastern
89.7%
TexasBurnt Orange and White
88.6%
TexasBig 12
88%
AlabamaCrimson and White
87.5%
AlabamaNick Saban
86.9%
TexasAustin, Texas
82.6%
Heading Answer % Correct
TexasMack Brown
77.1%
AlabamaFlorida
76.9%
AlabamaMark Ingram
74.3%
TexasNebraska
68.2%
AlabamaTuscaloosa, Alabama
62%
AlabamaGreg McElroy
57.7%
TexasRicky Williams
54.2%
TexasBevo & Hook 'em
40.3%
AlabamaBig Al
25.7%
Remove Ads.
Support Sporcle.
Get the best of Sporcle when you Go Orange. This ad-free experience offers more features, more stats, and more fun while also helping to support Sporcle. Thank you for becoming a member.

You're not logged in!

Compare scores with friends on all Sporcle quizzes.
OR
Log In

Sporcle TV

Today on Sporcle TV


Watch our educational content, quiz creation guides, and fun videos on Sporcle TV.

Show Comments

Extras

Top Quizzes Today


Score Distribution

Paid Content

Your Account Isn't Verified!

In order to create a playlist on Sporcle, you need to verify the email address you used during registration. Go to your Sporcle Settings to finish the process.

Report this User

Report this user for behavior that violates our Community Guidelines.

Details: